=LDR 00000nam 2200000 4500 =001 NUTBA000000000004668 =005 20140919101055.0 =006 =007 =008 =020 ##$$a979-007-024-1 =035 ##$$a 0010-091400000000701 =082 ##$$a346.02 =245 ##$$aPERANCANGAN KONTRAK DAN MEMORANDUM OF UNDERSTANDING 9MoU) =260 ##$$a Jakarta $b SINAR GRAFIKA $c 2008 =300 ##$$a IX;229 $b 21 cm =850 ##$$aNBPNMAT =990 ##$$a 0001/BPAP-NTB/20142014